| 000 | 00816nam a22002175i 4500 | ||
|---|---|---|---|
| 001 | 172149 | ||
| 003 | ES-MaACL | ||
| 005 | 20250727062618.0 | ||
| 008 | 090616s1909 fr |||| | fre d | ||
| 245 | 0 | 3 |
_aLe socialisme á létranger _b: Angleterre, Allemagne, Autriche, Italie, Espagne, Hongrie, Russie, Japon, Etats-Unis / _c[par] J. Bardoux ... [et al.] ; avec une préface de M. Anatole Leroy-Beaulieu et une conclusion de M. Jean Bourdeau. |
| 260 |
_aParis : _bF. Alcan, _c1909. |
||
| 300 |
_aVII, 420 p. ; _c19 cm. |
||
| 504 | _aBibliografía. | ||
| 650 | 1 | 7 |
_aSocialismo _2embne _917147 |
| 700 | 1 |
_aBourdeau, Jean. _930955 |
|
| 700 | 0 |
_aBardoux, Jacques. _925598 |
|
| 700 | 0 |
_aLeroy-Beaulieu, Anatole. _971809 |
|
| 852 |
_aES-MaACL _jG-7389 |
||
| 852 |
_aES-MaACL _jD-5044 |
||
| 999 |
_c172149 _d172149 |
||